Statistiques concernant Capitales du Monde - AVEC CARTE

Cliquez ici pour prendre le quiz!

Statistiques générales

  • Ce quiz a été pris 5 932 fois
    (320 depuis la dernière actualisation)
  • Le résultat moyen est 117 sur 196

Réponses sur la Carte

Les réponses sont colorées sur une échelle allant du rouge au vert en fonction du pourcentage des utilisateurs qui les ont devinées à leur premier essai. Vous pouvez retrouver ces pourcentages ci-dessous.
 

Statistiques - réponses

PaysCapitales% Correct
Etats-UnisWashington
98%
BrésilBrasilia
95%
EspagneMadrid
95%
MexiqueMexico
95%
FranceParis
95%
PortugalLisbonne
94%
Royaume-UniLondres
94%
BelgiqueBruxelles
92%
RussieMoscou
92%
Pays-BasAmsterdam
91%
SuisseBerne
91%
VaticanCité du Vatican
91%
IrlandeDublin
91%
MonacoMonaco
91%
JaponTokyo
91%
AllemagneBerlin
90%
LuxembourgLuxembourg
90%
CanadaOttawa
90%
NorvègeOslo
89%
ChinePékin
89%
ItalieRome
89%
AlgérieAlger
88%
ArgentineBuenos Aires
88%
AustralieCanberra
87%
UkraineKyiv / Kiev
87%
ÉgypteLe Caire
87%
Corée du SudSéoul
87%
FinlandeHelsinki
86%
SuèdeStockholm
86%
GrèceAthènes
85%
Saint-MarinSaint-Marin
85%
TunisieTunis
85%
AutricheVienne
85%
IndeNew Delhi
84%
AndorreAndorre-la-Vieille
83%
RoumanieBucarest
83%
HongrieBudapest
83%
PologneVarsovie
82%
TurquieAnkara
81%
DanemarkCopenhague
81%
PérouLima
81%
MarocRabat
81%
ColombieBogota
80%
IsraëlJérusalem / Tel Aviv
80%
Afrique du SudLe Cap / Pretoria / Bloemfontein
80%
CroatieZagreb
79%
CubaLa Havane
78%
République tchèquePrague
78%
IslandeReykjavik
78%
BulgarieSofia
78%
MalteLa Valette
77%
BangladeshDacca
76%
IndonésieJakarta
76%
PanamaPanama
76%
BiélorussieMinsk
75%
SingapourSingapour
75%
UruguayMontevideo
74%
ChiliSantiago
74%
LituanieVilnius
74%
ThaïlandeBangkok
73%
Corée du NordPyongyang
73%
LettonieRiga
73%
EstonieTallinn
73%
BolivieLa Paz / Sucre
72%
IrakBagdad
71%
SerbieBelgrade
71%
QatarDoha
70%
LiechtensteinVaduz
69%
VenezuelaCaracas
68%
SénégalDakar
68%
SlovénieLjubljana
68%
PhilippinesManille
68%
Arabie SaouditeRiyad
68%
Bosnie-HerzégovineSarajevo
68%
AlbanieTirana
68%
Émirats arabes unisAbou Dabi
67%
SlovaquieBratislava
67%
LibyeTripoli
67%
Nouvelle-ZélandeWellington
67%
IranTéhéran
66%
LibanBeyrouth
65%
PakistanIslamabad
65%
JamaïqueKingston
65%
Saint-Vincent-et-les-
Grenadines
Kingstown
65%
ChypreNicosie
65%
MongolieOulan-Bator
65%
ÉquateurQuito
65%
MaliBamako
63%
MoldavieChisinau
63%
GuatemalaGuatemala
63%
Viêt NamHanoÏ
63%
AfghanistanKaboul
63%
SyrieDamas
61%
KoweïtKoweït City
61%
HaïtiPort-au-Prince
61%
SalvadorSan Salvador
61%
TaïwanTaipei
61%
République du CongoBrazzaville
60%
ArménieErevan
60%
MalaisieKuala Lumpur
60%
République démocratique
du Congo
Kinshasa
59%
ParaguayAsuncion
58%
AzerbaïdjanBakou
58%
DjiboutiDjibouti
58%
Macédoine du NordSkopje
58%
GéorgieTbilissi
58%
GuyanaGeorgetown
57%
MonténégroPodgorica
57%
Costa RicaSan José
57%
KenyaNairobi
56%
KazakhstanAstana / Noursoultan
55%
KosovoPristina
55%
MadagascarAntananarivo
54%
NépalKatmandou
54%
République dominicaineSaint-Domingue
54%
JordanieAmman
53%
BahamasNassau
53%
Sao Tomé-et-PrincipeSao Tomé
53%
Guinée-BissauBissau
51%
CambodgePhnom Penh
51%
YémenSanaa
51%
CamerounYaoundé
51%
ÉthiopieAddis-Abeba
50%
Trinité-et-TobagoPort-d'Espagne
50%
MaldivesMalé
49%
Sierra LeoneFreetown
47%
GabonLibreville
47%
NicaraguaManagua
47%
SurinameParamaribo
47%
Côte d'IvoireYamoussoukro
47%
GuinéeConakry
46%
TogoLomé
46%
Burkina FasoOuagadougou
46%
LaosVientiane
46%
Timor orientalDili
45%
SoudanKhartoum
45%
HondurasTegucigalpa
45%
Île MauricePort-Louis
43%
NigeriaAbuja
42%
GhanaAccra
42%
BelizeBelmopan
42%
KirghizistanBichkek
42%
NigerNiamey
42%
GrenadeSaint-Georges
41%
Saint-Christophe-
et-Niévès
Basseterre
40%
Sri LankaColombo / Sri Jayawardenapura Kotte
40%
BéninCotonou / Porto Novo
40%
OmanMascate
40%
DominiqueRoseau
40%
Antigua-et-BarbudaSaint-John's
40%
SeychellesVictoria
40%
Cap-VertPraia
39%
BarbadeBridgetown
38%
MauritanieNouakchott
38%
ÉrythréeAsmara
37%
TadjikistanDouchanbé
37%
RwandaKigali
37%
AngolaLuanda
37%
BahreïnManama
37%
OuzbékistanTachkent
37%
NamibieWindhoek
37%
Sainte-LucieCastries
36%
SomalieMogadiscio
36%
TchadNdjamena
36%
TurkménistanAchgabat
35%
BruneiBandar Seri Begawan
35%
MozambiqueMaputo
35%
Papouasie-Nouvelle-
Guinée
Port Moresby
35%
BhoutanThimphou
35%
BirmanieNaypyidaw
34%
République
Centrafricaine
Bangui
33%
GambieBanjul
33%
TanzanieDodoma
33%
ZimbabweHarare
33%
ZambieLusaka
33%
SwazilandMbabane
33%
Soudan du SudDjouba
32%
Guinée équatorialeMalabo
32%
MalawiLilongwe
31%
VanuatuPort-Vila
31%
BotswanaGaborone
29%
BurundiGitega / Bujumbura
29%
OugandaKampala
29%
LesothoMaseru
29%
LiberiaMonrovia
29%
ComoresMoroni
29%
FidjiSuva
29%
SamoaApia
27%
Îles MarshallMajuro
26%
TongaNukualofa
26%
TuvaluFunafuti
25%
KiribatiTarawa
25%
SalomonHoniara
24%
MicronésiePalikir
24%
NauruYaren
24%
PalaosMelekeok / Ngerulmud
22%

Distribution des résultats

Percentile par nombre de réponses

% des personnes avec chaque résultat

Votre développement - résultats

Vous n’avez pas pris ce quiz depuis la dernière actualisation